LEADER 01761nam 2200253la 450 001 9910481408203321 005 20230503095056.0 035 $a(UK-CbPIL)2090346532 035 $a(CKB)5500000000096560 035 $a(EXLCZ)995500000000096560 100 $a20230503d1669 uy | 101 0 $aita 135 $aurcn||||a|bb| 200 10$aProstasi fisicomatematica discorso apologetico d'Ottavio Finetti intorno le gare letterarie nate fra il sig. dottore Donato Rossetti ... autore dell'Antignome fisicomatematiche, et il sig. dottore Geminiano Montanari ... nel quale, oltre le repliche a quanto ha stampato il sig. Rossetti in risposta d'vn manuscritto del sig. Montanari, si risponde eziandio all'Antignome in difesa dei pensieri fisicomatematici del medesimo sig. Montanari, e vi si inseriscono varie scritture dello stesso circa le medesime materie 210 $aBologna $c[s.n.]$d1669 215 $aOnline resource ([8], 134, [2] p., [1] c. di tav. ripieg., 4º) 300 $aReproduction of original in Biblioteca Nazionale Centrale di Firenze. 700 $aMontanari$b Geminiano$f1633-1687.$0120868 801 0$bUk-CbPIL 801 1$bUk-CbPIL 906 $aBOOK 912 $a9910481408203321 996 $aProstasi fisicomatematica discorso apologetico d'Ottavio Finetti intorno le gare letterarie nate fra il sig. dottore Donato Rossetti ... autore dell'Antignome fisicomatematiche, et il sig. dottore Geminiano Montanari ... nel quale, oltre le repliche a quanto ha stampato il sig. Rossetti in risposta d'vn manuscritto del sig. Montanari, si risponde eziandio all'Antignome in difesa dei pensieri fisicomatematici del medesimo sig. Montanari, e vi si inseriscono varie scritture dello stesso circa le medesime materie$92247991 997 $aUNINA